| 000 | 00954nam a22002057a 4500 | ||
|---|---|---|---|
| 003 | OSt | ||
| 005 | 20160620110219.0 | ||
| 008 | 150409b2009 slv spa | ||
| 040 | _cBMC | ||
| 082 | _a004.1 | ||
| 100 | 1 |
_935292 _aFuentes Castro, Angélica María |
|
| 245 | 1 | 0 |
_aPasantía de asistente informático de la defensoría del consumidor regional de Santa Ana _b: Informe final _cAngélica María Fuentes Castro |
| 260 |
_aSanta Ana (El Salvador) _bUniversidad Católica de El Salvador _c2009 |
||
| 300 |
_a1 v. (pág. var.) _bil. col. _c28 cm _e+ 2 discos compactos |
||
| 500 | _aPrecede al tít.: Universidad Católica de El Salvador, Facultad de Ciencias Empresariales | ||
| 502 | _aTrabajo de graduación para optar al grado académico de Licenciatura en Sistemas Informáticos Administrativos | ||
| 650 | 2 | 4 |
_92031 _aInformática |
| 710 | 2 |
_91067 _aUniversidad Católica de El Salvador _bFacultad de Ciencias Empresariales |
|
| 942 |
_2ddc _cTG |
||
| 999 |
_c21661 _d21661 |
||